000 00639nam a2200181 a 4500
008 120416s1971 ||||||||||||||||| || u
020 _a0050023462
050 _aQA 300 FUL
100 _aFullerton, Gordon H
245 1 0 _aMathematical analysis
260 _aEdinburg:
_bOliver and Boyd
_c1971
300 _aviii, 152p. : ill.
350 _a0.00
490 _aUniversity mathematical texts
650 0 _aMATHEMATICS--HANDBOOKS, MANUALS, ETC
650 _aMATHEMATICAL ANALYSIS
995 _D0.00
_FCBU-MAIN LIBRARY (Kitwe)
_H1
_I1.95
_M1
_UAVAILABLE
_ZMain Library Open Access Collection
999 _c50636
_d50636